Stücke. 16/II, Der Erbschleicher. Die Zusammengestoppelte Komödie /

Hlavní autor: Nestroy, Johann, 1801-1862
Další autoři: Huish, Louise Adey
Jazyk: Němčina
Vydáno: Wien : Deuticke, c1998
Edice: Nestroy, Johann, 1801-1862. Sämtliche Werke
Témata:
Fyzický popis: xiv, 338 s. : noty, faksim. ; 20 cm
Knihy
Uloženo v:
LEADER 01197nam a2200313 4500
001 000987429
003 CZ BrMZK
005 20180831131336.0
007 ta
008 010825s1998 au gh f 000 ger
020 |a 3-216-30313-6 
040 |a BOA001  |b cze 
100 1 |a Nestroy, Johann,  |d 1801-1862  |7 jn20000604160  |4 aut 
245 1 0 |a Stücke.  |n 16/II,  |p Der Erbschleicher.  |p Die Zusammengestoppelte Komödie /  |c Johann Nestroy ; herausgegeben von Louise Adey Huish 
246 3 0 |a Erbschleicher 
246 3 0 |a Zusammengestoppelte Komödie 
260 |a Wien :  |b Deuticke,  |c c1998 
300 |a xiv, 338 s. :  |b noty, faksim. ;  |c 20 cm 
490 1 |a Sämtliche Werke : historisch-kritische Ausgabe 
504 |a Obsahuje bibliografii a bibliografické odkazy 
541 |a 3.12.1998 
655 7 |a divadelní hry  |7 fd132028  |2 czenas 
655 7 |a komedie  |7 fd132576  |2 czenas 
700 1 |a Huish, Louise Adey  |7 xx0014465  |4 edt 
800 1 |a Nestroy, Johann,  |d 1801-1862.  |t Sämtliche Werke 
910 |a BOA001  |b RK-0000.869,16/2 
990 |a BK 
991 |z 000016945  |x 33 
996 7 |b 261A004545  |c RK-0000.869,16/2  |l Rakouská knihovna/2.patro  |r ZHR  |n 0  |p {1-B-00.869,16/2}  |h DR-nes  |w 000987429  |u 000010  |a 0  |e BOA001  |j MZK50  |s A